000 00887cam a22002777a 4500
003 CHAP
005 20220329134545.0
008 971013s1982 r 00010 d
010 _a22168
011 _a23140
035 _a27235
040 _cCHAP
090 _aD-113
110 2 _aColegio Superior de Agricultura Tropical. Cárdenas, Tab.
_925113
245 1 0 _aEnfermedades del cafeto (Diapositiva)
260 _aCárdenas, Tab. :
_bColegio Superior de Agricultura Tropical,
_c(1982?)
300 _a12 diapositivas col. 2 x 2 plg. 1 guía
590 _aBATCH-UPD
_b10
_c20130110
_lUCH01
_h0853
590 _aBATCH-UPD
_b10
_c20130410
_lUCH01
_h0525
590 _aBATCH-UPD
_b10
_c20130914
_lUCH01
_h0808
590 _aCONVERSION
_b10
_c20130109
_lUCH01
_h1313
650 1 4 _aCafé
_xEnfermedades.
_917136
901 _aBK
942 _cD
949 _aD-113
_bBC
_cD
_d-62995
_eD
_i27235
_mD
_si
999 _c22168
_d22168